Welcome to WEB OPAC of MRSPTU Central Library

Theory of machines (Record no. 5522)

MARC details
000 -LEADER
fixed length control field 00421nam a2200169Ia 4500
008 - FIXED-LENGTH DATA ELEMENTS--GENERAL INFORMATION
fixed length control field 230711s9999||||xx |||||||||||||| ||und||
020 ## - INTERNATIONAL STANDARD BOOK NUMBER
International Standard Book Number 81-239-0874-1
041 ## - LANGUAGE CODE
Language code of text/sound track or separate title ENG
082 ## - DEWEY DECIMAL CLASSIFICATION NUMBER
Classification number 621.8
Item number BE-T
100 ## - MAIN ENTRY--PERSONAL NAME
Personal name Bevan,Thomas
245 #0 - TITLE STATEMENT
Title Theory of machines
250 ## - EDITION STATEMENT
Edition statement 1st Ed.
260 ## - PUBLICATION, DISTRIBUTION, ETC.
Date of publication, distribution, etc. 2005
Place of publication, distribution, etc. New Delhi
Name of publisher, distributor, etc. CBS Publishers & Distributors Pvt.Ltd
300 ## - PHYSICAL DESCRIPTION
Extent 621
650 ## - SUBJECT ADDED ENTRY--TOPICAL TERM
Topical term or geographic name entry element Mechanical Engineering
942 ## - ADDED ENTRY ELEMENTS (KOHA)
Koha item type Book
Holdings
Withdrawn status Lost status Damaged status Not for loan Collection Home library Current library Date acquired Total checkouts Full call number Barcode Date last seen Price effective from Koha item type
          MRSPTU Central Library MRSPTU Central Library     621.8 BE-T 23010 08/17/2023 08/17/2023 Book
          MRSPTU Central Library MRSPTU Central Library     621.8 BE-T 23011 08/17/2023 08/17/2023 Book
          MRSPTU Central Library MRSPTU Central Library     621.8 BE-T 23012 08/17/2023 08/17/2023 Book
          MRSPTU Central Library MRSPTU Central Library     621.8 BE-T 23013 08/17/2023 08/17/2023 Book
          MRSPTU Central Library MRSPTU Central Library     621.8 BE-T 23014 08/17/2023 08/17/2023 Book
          MRSPTU Central Library MRSPTU Central Library     621.8 BE-T 23015 08/17/2023 08/17/2023 Book
          MRSPTU Central Library MRSPTU Central Library     621.8 BE-T 23016 08/17/2023 08/17/2023 Book
          MRSPTU Central Library MRSPTU Central Library     621.8 BE-T 23017 08/17/2023 08/17/2023 Book
          MRSPTU Central Library MRSPTU Central Library     621.8 BE-T 23018 08/17/2023 08/17/2023 Book
          MRSPTU Central Library MRSPTU Central Library     621.8 BE-T 23019 08/17/2023 08/17/2023 Book

Website Designed and Developed by MRSPTU Central Library Team

E-mail Id: librarian@mrsptu.ac.in